Ask for the moon-and get it! : the seceret of getting what you want by knowing how to ask
| Main Author: | |
|---|---|
| Format: | Book |
| Published: |
Wellingborough :
Thorsons Publishers ,
1987
|
| Subjects: |
MARC
| LEADER | 00000cam a2200000 7i4500 | ||
|---|---|---|---|
| 001 | 0000005847 | ||
| 002 | 000006319 | ||
| 005 | 20000330.0 | ||
| 020 | |a 0722517734 | ||
| 090 | 0 | 0 | |a 302.2 |b ROS |
| 100 | 1 | |a Ross, Percy | |
| 245 | 1 | 0 | |a Ask for the moon-and get it! : |b the seceret of getting what you want by knowing how to ask |c Percy Ross |
| 260 | |a Wellingborough : |b Thorsons Publishers , |c 1987 | ||
| 300 | |a 219p. ; |c 21cm. | ||
| 650 | 0 | 0 | |a Interpersonal communication |
| 999 | |a 037778 |b BUKU |c PINJAMAN |e PERPUSTAKAAN KOMUNITI PETALING JAYA | ||